000 00475nam a2200181Ia 4500
003 GCL
008 140319s9999 xx 000 0 eng d
040 _aGCL /
_cGCL
082 0 4 _a616.042
_bE E
100 1 _aEMERY, ALAN E. H.
245 1 0 _aELEMENTS OF MEDICAL GENETICS: STUDENT NOTES /
_cEMERY, ALAN E. H.
700 1 _aMUELLER, ROBERT F.
260 _a[S.N] :
_bELBS ،
_c1993
300 _a349 P
650 0 4 _aGENETICS
650 0 4 _aHUMAN GENETICS
942 _2ddc
_cBK
999 _c20000
_d20000